Sanatórium
Uložené v:
| Hlavný autor: | |
|---|---|
| Ďalší autori: | |
| Médium: | Rukopis Kniha |
| Jazyk: | Slovak |
| Vydavateľské údaje: |
2022
|
| Predmet: | |
| On-line prístup: | http://is.stuba.sk/zp/portal_zp.pl?podrobnosti=162568 https://opac.crzp.sk/?fn=detailBiblioForm&sid=D9F0BB0A8DA992698AA192D31B33 |
| Tagy: |
Žiadne tagy, Buďte prvý, kto otaguje tento záznam!
|
MARC
| LEADER | 00000ntm a22000003a 4500 | ||
|---|---|---|---|
| 001 | stuzp90824 | ||
| 003 | SK-STU | ||
| 005 | 20230505091817.2 | ||
| 007 | ta | ||
| 008 | 150427s2015----xo-----f-mn---000-0-slo-d | ||
| 040 | |a STU |b slo | ||
| 041 | 0 | |a slo | |
| 100 | 1 | |a Klačová, Ľubica |u 010180 |4 aut |U SvF Stavebná fakulta |T SvF Katedra konštrukcií pozemných stavieb |X 87410 |U V180 |Y 18 |7 87410 | |
| 242 | 0 | 1 | |a The Nursing Home |y eng |
| 245 | 1 | 0 | |a Sanatórium |
| 260 | |c 2022 | ||
| 650 | 4 | |a Sanatórium |2 slo | |
| 650 | 4 | |a Novostavba |2 slo | |
| 650 | 4 | |a Šikmá strecha |2 slo | |
| 650 | 4 | |a Ubytovanie |2 slo | |
| 650 | 4 | |a The nursing home |2 eng | |
| 650 | 4 | |a New development |2 eng | |
| 650 | 4 | |a Pitched roof |2 eng | |
| 650 | 4 | |a Accommodation |2 eng | |
| 700 | 1 | |a Buday, Peter |u 010180 |k Z1 |4 ths |U SvF Stavebná fakulta |T SvF Katedra konštrukcií pozemných stavieb |X 962 |U V180 |Y 18 |7 A000000962 | |
| 856 | 4 | |u http://is.stuba.sk/zp/portal_zp.pl?podrobnosti=162568 | |
| 856 | 4 | |u https://opac.crzp.sk/?fn=detailBiblioForm&sid=D9F0BB0A8DA992698AA192D31B33 | |